000 00570nam a2200217Ia 4500
003 OSt
005 20220928141309.0
006 a|||||r|||| 00| 0
007 ta
008 220927b |||||||| |||| 00| 0 eng d
024 _a14344
037 _cTextual
040 _aSDCL
_cSDCL
_beng
041 _2eng
_aeng
082 _aX:8:(D6,8(B),2775), P1
100 _aZilliox Danielle
_9499611
245 0 _aGet-started guide to e-commerce
260 _c2001
942 _hX:8:(D6,8(B),2775), P1
_cTEXL
_2CC
999 _c816753
_d816753